LEADER 01385nam0 2200349 450 001 000018721 005 20060308124351.0 010 $a0-12-182121-8$bVol. 220 P. A 010 $a0-12-182122-6$bVol. 221 P. B 011 $a0076-6879 100 $a20051213d--------km-y0itaa50------ba 101 0 $aeng 102 $aUS 200 1 $aMembrane fusion techniques$fedited by Nejat Düzgünes 210 $aSan Diego...[etc.]$cAcademic Press 215 $av.$cill.$d24 cm 225 2 $aMethods in enzymology$v220, 221 327 1 $aParte A. - c1993. - XXVI, 433 p.$aParte B. - c1993. - XXVIII, 462 p. 410 1$12001$aMethods in enzymology$v220, 221 606 1 $aMembrana cellulare$xFusione 676 $a571.64$v(21. ed.)$9Biologia cellulare. Membrane 702 1$aDüzgünes,$bNejat 801 0$aIT$bUniversità della Basilicata - B.I.A.$gRICA$2unimarc 912 $a000018721 996 $aMembrane fusion techniques$983624 997 $aUNIBAS BAS $aAGRARIA CAT $aSTD042$b01$c20051213$lBAS01$h1659 CAT $aTTM$b30$c20060308$lBAS01$h1243 FMT Z30 -1$lBAS01$LBAS01$mBOOK$1BASA2$APolo Tecnico-Scientifico$2DID$BDidattica$3PTS$675914$5A75914$820051213$eXXVI, 433$f98$FConsultazione$hParte A Z30 -1$lBAS01$LBAS01$mBOOK$1BASA2$APolo Tecnico-Scientifico$2DID$BDidattica$3PTS$676082$5A76082$820051213$eXXVIII, 462$f98$FConsultazione$hParte B